Gli Animali nella Bibbia - Statistics

Statistiche generali
  • Questo quiz è stato fatto 2.376 volte
  • Il punteggio medio è 11 su 20
Statistiche sulle risposte
Indizio Animale % Corretto
Come Satana apparve nel Giardino dell'Eden Serpente
97%
Gesù è chiamato l' "____ di Dio" Agnello
82%
Gesù entrò a Gerusalemme in groppa ad un... Asino
81%
Noè lo fece uscire dall'arca ed esso ritornò con una foglia d'olivo Colombo
79%
Animale che cantò dopo che Pietro rinnegò Gesù tre volte Gallo
70%
Daniele ha trascorso una notte nella tana di questa creatura Leone
69%
Leccarono le piaghe di Lazzaro sotto la tavola del ricco Cani
65%
Animale che ingoiò Giona Pesce
64%
Gesù raccontò una parabola riguardo la ricerca della _____ perduta Pecora
63%
Dio dice di aver portato gli Israeliti fuori dall'Egitto sulle ali di questa creatura Aquila
56%
È più facile per un ____ passare attraverso un ago che per un ricco entrare in paradiso Cammello
56%
Questo animale è impuro perché ha i piedi caprini e non rumina Maiale
53%
Due di questi animali sbranarono 42 ragazzi che schernivano il profeta Eliseo Orsi
50%
Giovanni Battista li mangiò insieme al miele Locuste
42%
La seconda piaga d'Egitto riguardò queste creature verdi Rane
39%
Noè lo mandò fuori dall'arca, ma non tornò Corvo
36%
Animale che non può cambiare le sue macchie Leopardo
32%
Quando Mosè se ne fu andato, gli Israeliti costruirono un idolo d'oro di questo animale Vitello
30%
Animale che Esaù cacciava principalmente Cervo
25%
Mangiarono il cadavere del re Erode Vermi
13%
Nessun quiz corrispondente trovato
Distribuzione punteggi
Percentuale di utenti per punteggio
Percentile per numero di risposta
I tuoi punteggi nel tempo
Non hai fatto questo quiz